<?xml version="1.0" encoding="UTF-8"?><?xml-stylesheet type="text/xsl" href="static/style.xsl"?><OAI-PMH xmlns="http://www.openarchives.org/OAI/2.0/" xmlns:xsi="http://www.w3.org/2001/XMLSchema-instance" xsi:schemaLocation="http://www.openarchives.org/OAI/2.0/ http://www.openarchives.org/OAI/2.0/OAI-PMH.xsd"><responseDate>2026-04-17T19:11:31Z</responseDate><request verb="GetRecord" identifier="oai:www.recercat.cat:11351/11987" metadataPrefix="marc">https://recercat.cat/oai/request</request><GetRecord><record><header><identifier>oai:recercat.cat:11351/11987</identifier><datestamp>2024-11-01T01:14:18Z</datestamp><setSpec>com_2072_378070</setSpec><setSpec>com_2072_378040</setSpec><setSpec>col_2072_378092</setSpec></header><metadata><record xmlns="http://www.loc.gov/MARC21/slim" xmlns:dcterms="http://purl.org/dc/terms/" xmlns:xsi="http://www.w3.org/2001/XMLSchema-instance" xmlns:doc="http://www.lyncode.com/xoai" xsi:schemaLocation="http://www.loc.gov/MARC21/slim http://www.loc.gov/standards/marcxml/schema/MARC21slim.xsd">
   <leader>00925njm 22002777a 4500</leader>
   <datafield ind2=" " ind1=" " tag="042">
      <subfield code="a">dc</subfield>
   </datafield>
   <datafield ind2=" " ind1=" " tag="720">
      <subfield code="a">Bas, Raphaëlle</subfield>
      <subfield code="e">author</subfield>
   </datafield>
   <datafield ind2=" " ind1=" " tag="720">
      <subfield code="a">Kim, Heejeong</subfield>
      <subfield code="e">author</subfield>
   </datafield>
   <datafield ind2=" " ind1=" " tag="720">
      <subfield code="a">Di Meglio, Antonio</subfield>
      <subfield code="e">author</subfield>
   </datafield>
   <datafield ind2=" " ind1=" " tag="720">
      <subfield code="a">Bernstein Molho, Rinat</subfield>
      <subfield code="e">author</subfield>
   </datafield>
   <datafield ind2=" " ind1=" " tag="720">
      <subfield code="a">Arecco, Luca</subfield>
      <subfield code="e">author</subfield>
   </datafield>
   <datafield ind2=" " ind1=" " tag="720">
      <subfield code="a">Bruzzone, Marco</subfield>
      <subfield code="e">author</subfield>
   </datafield>
   <datafield ind2=" " ind1=" " tag="720">
      <subfield code="a">Carrasco Lopez, Estela</subfield>
      <subfield code="e">author</subfield>
   </datafield>
   <datafield ind2=" " ind1=" " tag="260">
      <subfield code="c">2024-09-30T08:14:00Z</subfield>
   </datafield>
   <datafield ind2=" " ind1=" " tag="260">
      <subfield code="c">2024-09-30T08:14:00Z</subfield>
   </datafield>
   <datafield ind2=" " ind1=" " tag="260">
      <subfield code="c">2024-09</subfield>
   </datafield>
   <datafield ind2=" " ind1=" " tag="520">
      <subfield code="a">Early breast cancer; Hormone receptor status; Young patients</subfield>
   </datafield>
   <datafield ind2=" " ind1=" " tag="520">
      <subfield code="a">Cáncer de mama temprano; Estado del receptor hormonal; Pacientes jóvenes</subfield>
   </datafield>
   <datafield ind2=" " ind1=" " tag="520">
      <subfield code="a">Càncer de mama precoç; Estat del receptor hormonal; Pacients joves</subfield>
   </datafield>
   <datafield ind2=" " ind1=" " tag="520">
      <subfield code="a">Background&#xd;
Hormone receptor expression is a known positive prognostic and predictive factor in breast cancer; however, limited evidence exists on its prognostic impact on prognosis of young patients harboring a pathogenic variant (PV) in the BRCA1 and/or BRCA2 genes.&#xd;
Patients and methods&#xd;
This international, multicenter, retrospective cohort study included young patients (aged ≤40 years) diagnosed with invasive breast cancer and harboring germline PVs in BRCA genes. We investigated the impact of hormone receptor status on clinical behavior and outcomes of breast cancer. Outcomes of interest [disease-free survival (DFS), breast cancer-specific survival (BCSS), and overall survival (OS)] were first investigated according to hormone receptor expression (positive versus negative), and then according to breast cancer subtype [luminal A-like versus luminal B-like versus triple-negative versus human epidermal growth factor receptor 2 (HER2)-positive breast cancer].&#xd;
Results&#xd;
From 78 centers worldwide, 4709 BRCA carriers were included, of whom 2143 (45.5%) had hormone receptor-positive and 2566 (54.5%) hormone receptor-negative breast cancer.&#xd;
Median follow-up was 7.9 years. The rate of distant recurrences was higher in patients with hormone receptor-positive disease (13.1% versus 9.6%, P &lt; 0.001), while the rate of second primary breast cancer was lower (9.1% versus 14.7%, P &lt; 0.001) compared to patients with hormone receptor-negative disease. The 8-year DFS was 65.8% and 63.4% in patients with hormone receptor-positive and negative disease, respectively. The hazard ratio of hormone receptor-positive versus negative disease changed over time for DFS, BCSS, and OS (P &lt; 0.05 for interaction of hormone receptor status and survival time). Patients with luminal A-like breast cancer had the worst long-term prognosis in terms of DFS compared to all the other subgroups (8-year DFS: 60.8% in luminal A-like versus 63.5% in triple-negative versus 65.5% in HER2-positive and 69.7% in luminal B-like subtype).&#xd;
Conclusions&#xd;
In young BRCA carriers, differences in recurrence pattern and second primary breast cancer among hormone receptor-positive versus negative disease warrant consideration in counseling patients on treatment, follow-up, and risk-reducing surgery.</subfield>
   </datafield>
   <datafield ind2=" " ind1=" " tag="520">
      <subfield code="a">The study was partly supported by the Italian Association for Cancer Research (AIRC grant) [grant number MFAG 2020 ID 24698] ML received support from the European Society for Medical Oncology (ESMO) for a translational research fellowship at the Institut Jules Bordet in Brussels, Belgium, at the time this study was initiated. HJK received support from the Korea Health Technology R&amp;D Project through the Korea Health Industry Development Institute (KHIDI), funded by the Ministry of Health and Welfare, Republic of Korea [grant number HC20C0135]. KAP is an Australian National Health and Medical Research Council leadership fellow. Data collection for most Australian participants was through the kConFab Follow-Up Study with support from Cancer Australia and the National Breast Cancer Foundation [grant number PdCCRS 1100868], Cancer Australia [grant number 809195], the Australian National Breast Cancer Foundation (IF 17), the Australian National Health and Medical Research Council [grant numbers 454508, 288704, 145684], the US National Institutes of Health [grant number 1RO1CA159868], the Queensland Cancer Fund, the Cancer Councils of New South Wales, Victoria, Tasmania, and South Australia, and the Cancer Foundation of Western Australia. NIH R35CA253187, P50CA116201 SPORE in Breast Cancer, and Breast Cancer Research Foundation. AHP received support from the Breast Cancer Research Foundation and Susan G. Komen. FJC was supported by NIH grants R35CA253187 and P50CA115201 and the Breast Cancer research Foundation. The study supporters had no role in the design and conduct of the study; collection, management, analysis, and interpretation of the data; preparation, review, or approval of the manuscript; or decision to submit the manuscript for publication.</subfield>
   </datafield>
   <datafield ind1="8" ind2=" " tag="024">
      <subfield code="a">http://hdl.handle.net/11351/11987</subfield>
   </datafield>
   <datafield tag="653" ind2=" " ind1=" ">
      <subfield code="a">Anomalies cromosòmiques</subfield>
   </datafield>
   <datafield tag="653" ind2=" " ind1=" ">
      <subfield code="a">Mama - Càncer - Aspectes genètics</subfield>
   </datafield>
   <datafield tag="653" ind2=" " ind1=" ">
      <subfield code="a">Mama - Càncer - Prognosi</subfield>
   </datafield>
   <datafield tag="653" ind2=" " ind1=" ">
      <subfield code="a">Gens del càncer</subfield>
   </datafield>
   <datafield tag="653" ind2=" " ind1=" ">
      <subfield code="a">DISEASES::Neoplasms::Neoplasms by Site::Breast Neoplasms</subfield>
   </datafield>
   <datafield tag="653" ind2=" " ind1=" ">
      <subfield code="a">Other subheadings::Other subheadings::Other subheadings::/genetics</subfield>
   </datafield>
   <datafield tag="653" ind2=" " ind1=" ">
      <subfield code="a">PHENOMENA AND PROCESSES::Genetic Phenomena::Genetic Variation::Mutation</subfield>
   </datafield>
   <datafield tag="653" ind2=" " ind1=" ">
      <subfield code="a">PHENOMENA AND PROCESSES::Genetic Phenomena::Genetic Structures::Genome::Genome Components::Genes::Genes, Neoplasm::Genes, Tumor Suppressor::Genes, BRCA1</subfield>
   </datafield>
   <datafield tag="653" ind2=" " ind1=" ">
      <subfield code="a">ENFERMEDADES::neoplasias::neoplasias por localización::neoplasias de la mama</subfield>
   </datafield>
   <datafield tag="653" ind2=" " ind1=" ">
      <subfield code="a">Otros calificadores::Otros calificadores::Otros calificadores::/genética</subfield>
   </datafield>
   <datafield tag="653" ind2=" " ind1=" ">
      <subfield code="a">FENÓMENOS Y PROCESOS::fenómenos genéticos::variación genética::mutación</subfield>
   </datafield>
   <datafield tag="653" ind2=" " ind1=" ">
      <subfield code="a">FENÓMENOS Y PROCESOS::fenómenos genéticos::estructuras genéticas::genoma::componentes genómicos::genes::genes de neoplasias::genes supresores de tumores::genes BRCA1</subfield>
   </datafield>
   <datafield ind2="0" ind1="0" tag="245">
      <subfield code="a">Impact of hormone receptor status and tumor subtypes of breast cancer in young BRCA carriers</subfield>
   </datafield>
</record></metadata></record></GetRecord></OAI-PMH>